| 000 | 00534nam a22001937a 4500 | ||
|---|---|---|---|
| 005 | 20251108174623.0 | ||
| 008 | 250721s2008 xx 000 0 eng d | ||
| 082 | 1 | 4 | _aWB/338.9/GLO |
| 245 | 1 | 0 | _aGlobal Development Finance The Role Of International Banking / |
| 250 | _aVolume 2 | ||
| 264 | 1 |
_aWashington : _bthe World bank, _c2008. |
|
| 300 | _a431P. | ||
| 490 | 0 | _aTHE WORLD BANK | |
| 500 | _aINCLUDES SUMMARY AND TABLES | ||
| 650 | 1 | 7 | _aECONOMIC DEVELOPMENT |
| 650 | 1 | 7 | _aWORLD BANK |
| 942 |
_2ddc _cBK |
||
| 999 |
_c113747 _d113747 |
||